=LDR 00000nam 2200000 4500 =001 NUTBA000000000001215 =990 ##$$a 94122/BPAP-NTB/2014 =005 20140416164412.0 =990 ##$$a 94123/BPAP-NTB/2014 =006 =007 =008 =020 ##$$a 978-602-98544-9-7 =035 ##$$a 0010-041400000000485 =082 ##$$a 808.83 =100 ##$$a nexhma sheera =245 ##$$a misi dari langit =250 ##$$a cet.1, 2012 =260 ##$$a jakarta $b salsabila $c 2012 =990 ##$$a 94122/BPAP-NTB/2014 =990 ##$$a 94123/BPAP-NTB/2014 =990 ##$$a 00088308 =990 ##$$a 94123/BPAP-NTB/2014